Lead every day: (Record no. 11536)
[ view plain ]
| 000 -LEADER | |
|---|---|
| fixed length control field | 00999nam a22001697a 4500 |
| 020 ## - INTERNATIONAL STANDARD BOOK NUMBER | |
| ISBN | 9781637747278 |
| 082 ## - DEWEY DECIMAL CLASSIFICATION NUMBER | |
| Classification number | 658.409MIL |
| 100 ## - MAIN ENTRY--AUTHOR NAME | |
| Personal name | Miller, Mark |
| 245 ## - TITLE STATEMENT | |
| Title | Lead every day: |
| Sub Title | three essential disciplines to unleash the passion and performance of everyone around you |
| 260 ## - PUBLICATION, DISTRIBUTION, ETC. (IMPRINT) | |
| Place of publication | Dallas |
| Name of publisher | Matt Holt Books |
| Year of publication | 2025 |
| 300 ## - PHYSICAL DESCRIPTION | |
| Number of Pages | 275p. ; 22 cm |
| 504 ## - BIBLIOGRAPHY, ETC. NOTE | |
| Bibliography, etc | Includes bibliographical references (pages 267-275) and index |
| 520 ## - SUMMARY, ETC. | |
| Summary, etc | From seasoned executive leaders Mark Miller and Randy Gravitt, Lead Every Day provides a concrete, comprehensive framework for improved performance. Veteran and aspiring<br/>leaders alike can utilize the Lead Every Day Operating System to maximize their impact in the short-run and their long-term success. With insights from extensive global research<br/>and decades of practical experience, Lead Every Day is a powerful, application-focused guide to transform your approach and your outcomes" |
| 650 ## - SUBJECT ADDED ENTRY--TOPICAL TERM | |
| Topical Term | Leadership |
| 942 ## - ADDED ENTRY ELEMENTS (KOHA) | |
| Koha item type | Book |
| Withdrawn status | Lost status | Damaged status | Not for loan | Permanent Location | Current Location | Shelving location | Date acquired | Cost, normal purchase price | Full call number | Accession Number | Price effective from | Koha item type |
|---|---|---|---|---|---|---|---|---|---|---|---|---|
| UONGOZI Institute Resources Centre - Dar es Salaam | UONGOZI Institute Resources Centre - Dar es Salaam | Leadership | 06/19/2026 | 98156.00 | 658.409MIL | UR010553 | 07/01/2026 | Book | ||||
| UONGOZI Institute Resources Centre - Dar es Salaam | UONGOZI Institute Resources Centre - Dar es Salaam | Leadership | 06/19/2026 | 98156.00 | 658.409MIL | UR010554 | 07/01/2026 | Book | ||||
| UONGOZI Institute Resources Centre - Dodoma | UONGOZI Institute Resources Centre - Dodoma | Leadership | 06/19/2026 | 658.409MIL | URD002920 | 06/19/2026 | Book |
